000 00354nam a22001577a 4500
005 20160701104451.0
008 160701b xxu||||| |||| 00| 0 eng d
041 _aeng
082 _b17949
100 _aSingh, Birinder
_93083
245 _aConcrete Technology
260 _bKatson
300 _aE28
650 _aDiploma Engineering
_9817
942 _cBK
999 _c5004
_d5002